[Event "Liberec Open 2016"]
[Site "Liberec CZE"]
[Date "2016.02.17"]
[Round "6.1"]
[White "Balinski, Damian"]
[Black "Mikalsen, Erlend"]
[Result "1-0"]
[WhiteElo "2181"]
[BlackElo "2319"]
[PlyCount "67"]
[EventDate "2016.02.13"]
[EventType "swiss"]
[EventRounds "9"]
[EventCountry "CZE"]
[Source "lmi"]
[SourceDate "2016.02.13"]

1. d4 Nf6 2. Nf3 e6 3. Bf4 c5 4. c3 Nc6 5. e3 d5 6. Nbd2 h6 7. Bd3 Nh5 8. Bg3
Nxg3 9. hxg3 Be7 10. Qe2 O-O 11. g4 c4 12. Bc2 b5 13. a3 a5 14. Rh5 f5 15. Nf1
Bd7 16. Ne5 Nxe5 17. dxe5 b4 18. gxf5 exf5 19. Ng3 Bg5 20. Rd1 Be6 21. Kf1 f4
22. Ne4 fxe3 23. Nxg5 Rxf2+ 24. Qxf2 exf2 25. Nxe6 Qb6 26. Nd4 bxc3 27. bxc3
Qb2 28. e6 Qxc3 29. Rxd5 Qxa3 30. Nc6 g5 31. e7 Re8 32. Rd8 Kf7 33. Rxe8 Kxe8
34. Bg6# 1-0

[Event "Liberec Open 2016"]
[Site "Liberec CZE"]
[Date "2016.02.17"]
[Round "6.2"]
[White "Bindrich, Oswald"]
[Black "Plischki, Sebastian"]
[Result "0-1"]
[WhiteElo "2105"]
[BlackElo "2381"]
[PlyCount "104"]
[EventDate "2016.02.13"]
[EventType "swiss"]
[EventRounds "9"]
[EventCountry "CZE"]
[Source "lmi"]
[SourceDate "2016.02.13"]

1. e4 c5 2. Nf3 d6 3. d4 cxd4 4. Nxd4 Nf6 5. Nc3 a6 6. Be2 e6 7. O-O Be7 8. Be3
O-O 9. f4 Qc7 10. a4 Nc6 11. Kh1 Nxd4 12. Bxd4 e5 13. Be3 exf4 14. Rxf4 Be6 15.
Bd3 Nd7 16. Nd5 Bxd5 17. exd5 Ne5 18. Bd4 g6 19. Qe2 f5 20. a5 Bf6 21. Bb6 Qg7
22. c3 Rae8 23. Rff1 Nd7 24. Qd2 Nxb6 25. axb6 Re5 26. Rae1 Rfe8 27. Rxe5 Rxe5
28. Re1 Bd8 29. Rxe5 Qxe5 30. Qe2 Qxe2 31. Bxe2 Bxb6 32. g4 Kf7 33. gxf5 gxf5
34. Kg2 Be3 35. Kf3 Bc1 36. b3 Kf6 37. Bd3 Ke5 38. c4 h6 39. Bc2 a5 40. h3 b6
41. Ke2 Bg5 42. Kd1 f4 43. Bg6 f3 44. Ke1 b5 45. cxb5 Be3 46. Kd1 Bb6 47. Bh5
Kf4 48. Ke1 Ke3 49. Kf1 f2 50. Be2 Kd2 51. Bc4 Kc3 52. Ke2 a4 0-1

[Event "Liberec Open 2016"]
[Site "Liberec CZE"]
[Date "2016.02.17"]
[Round "6.3"]
[White "Moravec, Vit"]
[Black "Chudinovskikh, Alexander M"]
[Result "1/2-1/2"]
[WhiteElo "2180"]
[BlackElo "2257"]
[PlyCount "83"]
[EventDate "2016.02.13"]
[EventType "swiss"]
[EventRounds "9"]
[EventCountry "CZE"]
[Source "lmi"]
[SourceDate "2016.02.13"]

1. Nf3 d5 2. d4 Nf6 3. g3 e6 4. Bg2 Be7 5. O-O O-O 6. c4 dxc4 7. Ne5 Nc6 8.
Nxc6 bxc6 9. Na3 Bxa3 10. bxa3 Nd5 11. Qa4 Nb6 12. Qxc6 Rb8 13. Qc5 Qd6 14. e4
Ba6 15. Qa5 Bb7 16. Bf4 Qc6 17. Rac1 Rfd8 18. Qc5 Rd7 19. Rfe1 Rbd8 20. Be3 h6
21. g4 f6 22. Kh1 Rf8 23. Rg1 Qd6 24. a4 Qxc5 25. dxc5 Nxa4 26. Rxc4 Bc6 27. e5
Bxg2+ 28. Kxg2 Nb2 29. Rc2 Nd3 30. exf6 Rxf6 31. c6 Rd5 32. Rb1 a5 33. Kf1 Nb4
34. Rd2 Nxc6 35. Rc1 Rxd2 36. Bxd2 e5 37. Rc5 Kf7 38. Bc3 Rd6 39. Bxe5 Nxe5 40.
Rxe5 a4 41. Re4 Ra6 42. a3 1/2-1/2

[Event "Liberec Open 2016"]
[Site "Liberec CZE"]
[Date "2016.02.17"]
[Round "6.4"]
[White "Bartos, Jan"]
[Black "Samborski, Henryk"]
[Result "1-0"]
[WhiteElo "2181"]
[BlackElo "2050"]
[PlyCount "83"]
[EventDate "2016.02.13"]
[EventType "swiss"]
[EventRounds "9"]
[EventCountry "CZE"]
[Source "lmi"]
[SourceDate "2016.02.13"]

1. d4 g6 2. e4 Bg7 3. c4 c5 4. d5 d6 5. Nc3 Nf6 6. Bd3 e6 7. h3 O-O 8. Nf3 exd5
9. cxd5 b5 10. Nxb5 Nxe4 11. Bxe4 Qa5+ 12. Nc3 Bxc3+ 13. bxc3 Re8 14. Qc2 Bf5
15. Nd2 Bxe4 16. Nxe4 f5 17. f3 Nd7 18. O-O fxe4 19. fxe4 c4 20. Bf4 Nc5 21.
Rae1 Nd3 22. Re2 Rab8 23. Bh6 Rb7 24. Re3 Ne5 25. Bf4 Nd3 26. Bh6 Ne5 27. Ree1
Nd3 28. Re3 Ne5 29. Kh2 Nf7 30. Bf4 Reb8 31. Rf2 Qa3 32. Ref3 Re8 33. Qe2 Rbe7
34. Qxc4 Rxe4 35. Qc7 R4e7 36. Qc6 Qc5 37. Qxc5 dxc5 38. c4 Re4 39. Bc7 Ng5 40.
Rf4 Rxf4 41. Rxf4 Nf7 42. d6 1-0

[Event "Liberec Open 2016"]
[Site "Liberec CZE"]
[Date "2016.02.17"]
[Round "6.6"]
[White "Parizek, Vojtech"]
[Black "Polak, Benedikt"]
[Result "1-0"]
[WhiteElo "1852"]
[BlackElo "2170"]
[PlyCount "117"]
[EventDate "2016.02.13"]
[EventType "swiss"]
[EventRounds "9"]
[EventCountry "CZE"]
[Source "lmi"]
[SourceDate "2016.02.13"]

1. e4 c5 2. Nf3 e6 3. d4 cxd4 4. Nxd4 a6 5. g3 d5 6. Nf3 Nf6 7. exd5 Qxd5 8.
Qxd5 Nxd5 9. a3 b5 10. Bg2 Bb7 11. Nbd2 Nd7 12. c4 N5b6 13. cxb5 axb5 14. O-O
Be7 15. Re1 O-O 16. Ne5 Bxg2 17. Nxd7 Nxd7 18. Kxg2 Rfc8 19. Ne4 Rc2 20. Rb1 b4
21. axb4 Bxb4 22. Bd2 Bxd2 23. Re2 Rac8 24. Rxd2 Rxd2 25. Nxd2 Rc2 26. Ne4 f5
27. Ng5 Nf8 28. b4 h6 29. Nf3 Nd7 30. Nd4 Rc4 31. Nxe6 Kf7 32. Nf4 Nb6 33. Kf3
g5 34. Nd3 Kf6 35. Rc1 g4+ 36. Ke2 Re4+ 37. Kf1 Nd5 38. Rc6+ Ke7 39. b5 Nb4 40.
Nxb4 Rxb4 41. b6 h5 42. Rh6 Kf7 43. Rc6 Rb2 44. Kg2 Kg7 45. Rc7+ Kg6 46. Rb7
Kh6 47. Rb8 Kg7 48. b7 Kh7 49. Kf1 Kg7 50. Ke1 h4 51. gxh4 f4 52. h5 f3 53. h6+
Kh7 54. Kd1 Rb1+ 55. Kc2 Rb6 56. Kd3 Rb2 57. Ke4 Rb5 58. Kf4 Rb4+ 59. Kg3 1-0

[Event "Liberec Open 2016"]
[Site "Liberec CZE"]
[Date "2016.02.17"]
[Round "6.7"]
[White "Simon, Eric"]
[Black "Dzikowski, Michal"]
[Result "1/2-1/2"]
[WhiteElo "2107"]
[BlackElo "2028"]
[PlyCount "61"]
[EventDate "2016.02.13"]
[EventType "swiss"]
[EventRounds "9"]
[EventCountry "CZE"]
[Source "lmi"]
[SourceDate "2016.02.13"]

1. Nf3 Nf6 2. g3 d5 3. Bg2 c5 4. d4 Nc6 5. O-O e6 6. c4 dxc4 7. Qa4 Nd5 8. dxc5
Bxc5 9. Qxc4 Qb6 10. e4 Nde7 11. Nc3 Bb4 12. a3 Bxc3 13. Qxc3 O-O 14. Be3 Qa5
15. b4 Qh5 16. Bc5 b6 17. Bd6 Re8 18. a4 Bb7 19. b5 Na5 20. Qb4 Ng6 21. Nd4 Ne5
22. Bxe5 Qxe5 23. f4 Qc7 24. Rac1 Qe7 25. Qxe7 Rxe7 26. e5 Bxg2 27. Kxg2 Rd7
28. Nc6 Nxc6 29. Rxc6 Rad8 30. Rc2 Kf8 31. Re2 1/2-1/2

[Event "Liberec Open 2016"]
[Site "Liberec CZE"]
[Date "2016.02.17"]
[Round "6.8"]
[White "Fogel, Pierre"]
[Black "Korosciel, Aneta"]
[Result "1-0"]
[WhiteElo "2086"]
[BlackElo "2023"]
[PlyCount "75"]
[EventDate "2016.02.13"]
[EventType "swiss"]
[EventRounds "9"]
[EventCountry "CZE"]
[Source "lmi"]
[SourceDate "2016.02.13"]

1. Nf3 Nf6 2. d4 e6 3. c4 b6 4. g3 Ba6 5. b3 Bb4+ 6. Bd2 Be7 7. Bg2 c6 8. Ne5
d5 9. O-O Nfd7 10. Nxd7 Nxd7 11. Bc3 O-O 12. Nd2 Rc8 13. Re1 Re8 14. e4 b5 15.
exd5 cxd5 16. c5 Bf6 17. b4 e5 18. Nb3 Bb7 19. a4 exd4 20. Rxe8+ Qxe8 21. Bxd4
bxa4 22. Rxa4 a6 23. Ra2 Qd8 24. Na5 Ba8 25. h4 Rc7 26. Qd3 Bxd4 27. Qxd4 Nb8
28. Re2 h6 29. Qe5 Kh7 30. h5 Rd7 31. Bh3 Ra7 32. Bf5+ g6 33. Bd3 Nd7 34. hxg6+
fxg6 35. Qe7+ Qxe7 36. Rxe7+ Kg8 37. c6 Kf8 38. Rxd7 1-0

[Event "Liberec Open 2016"]
[Site "Liberec CZE"]
[Date "2016.02.17"]
[Round "6.9"]
[White "Bilczewski, Kacper"]
[Black "Duda, Antonin"]
[Result "1/2-1/2"]
[WhiteElo "2015"]
[BlackElo "2034"]
[PlyCount "83"]
[EventDate "2016.02.13"]
[EventType "swiss"]
[EventRounds "9"]
[EventCountry "CZE"]
[Source "lmi"]
[SourceDate "2016.02.13"]

1. e4 c5 2. d3 g6 3. Nf3 Bg7 4. g3 Nc6 5. Bg2 e6 6. O-O Nge7 7. c3 d5 8. Nbd2
O-O 9. Re1 Qc7 10. Nf1 dxe4 11. dxe4 Rd8 12. Qc2 b6 13. Bf4 e5 14. Bg5 f6 15.
Be3 Be6 16. h3 Rd6 17. N1d2 Na5 18. b3 Rad8 19. Kh2 b5 20. Bf1 a6 21. h4 Nb7
22. a4 Qc6 23. axb5 axb5 24. Ra2 Nc8 25. Rea1 Nb6 26. Ra6 Rb8 27. Nb1 Rdd8 28.
b4 Ra8 29. Nfd2 Bf8 30. Nb3 Rxa6 31. Rxa6 Ra8 32. Rxa8 Nxa8 33. bxc5 Nc7 34.
N1d2 Nxc5 35. Nxc5 Bxc5 36. Qd3 Be7 37. Kg1 Kg7 38. c4 bxc4 39. Nxc4 Bc8 40.
Nd2 Bb7 41. Bg2 Kf7 42. Qc4+ 1/2-1/2

[Event "Liberec Open 2016"]
[Site "Liberec CZE"]
[Date "2016.02.17"]
[Round "6.11"]
[White "Stebel, Jacek"]
[Black "Krivanek, Vladimir"]
[Result "0-1"]
[WhiteElo "1858"]
[BlackElo "2137"]
[PlyCount "74"]
[EventDate "2016.02.13"]
[EventType "swiss"]
[EventRounds "9"]
[EventCountry "CZE"]
[Source "lmi"]
[SourceDate "2016.02.13"]

1. d4 f5 2. Nc3 Nf6 3. Bg5 d5 4. Bxf6 exf6 5. e3 c6 6. Bd3 Bd6 7. Qf3 g6 8. h4
Qd7 9. Nge2 O-O 10. Ng3 Na6 11. h5 Nb4 12. hxg6 hxg6 13. O-O-O Nxd3+ 14. cxd3
f4 15. Rh6 Qg7 16. Rdh1 fxg3 17. Nxd5 Bf5 18. e4 Bh3 19. R1xh3 cxd5 20. Qg4
gxf2 21. Qf3 Rac8+ 22. Kb1 dxe4 23. dxe4 g5 24. Qxf2 Bf4 25. a3 Rc1+ 26. Ka2
Rfc8 27. Qf3 g4 28. Qb3+ R1c4 29. Rh8+ Qxh8 30. Rxh8+ Kxh8 31. Qxb7 Rc2 32. Qf7
Bg5 33. e5 Rb8 34. Qh5+ Kg7 35. exf6+ Kxf6 36. a4 Rcxb2+ 37. Ka1 R2b4 0-1

[Event "Liberec Open 2016"]
[Site "Liberec CZE"]
[Date "2016.02.17"]
[Round "6.12"]
[White "Simon, Peter"]
[Black "Janous, Petr"]
[Result "1/2-1/2"]
[WhiteElo "2134"]
[BlackElo "1903"]
[PlyCount "72"]
[EventDate "2016.02.13"]
[EventType "swiss"]
[EventRounds "9"]
[EventCountry "CZE"]
[Source "lmi"]
[SourceDate "2016.02.13"]

1. d4 d5 2. Nf3 Nf6 3. c4 c6 4. Nbd2 Bf5 5. Nh4 Bg4 6. h3 Bh5 7. g4 Bg6 8. g5
Nfd7 9. Nxg6 hxg6 10. Qb3 Qb6 11. cxd5 Qxb3 12. Nxb3 cxd5 13. e3 e6 14. Bd2 Nc6
15. Rc1 Be7 16. f4 O-O 17. Bb5 Rfc8 18. Ke2 a6 19. Bxc6 Rxc6 20. Na5 Rxc1 21.
Rxc1 b6 22. Rc7 bxa5 23. Rxd7 Bd8 24. Rd6 Kf8 25. Rc6 Ke7 26. Kd3 Kd7 27. Rc3
Rb8 28. Kc2 Rb5 29. Ra3 Bc7 30. Ra4 Kc6 31. b4 Bd6 32. bxa5 Rb1 33. Kxb1 Kb5
34. Rb4+ Bxb4 35. Bxb4 Kxb4 36. Kb2 Ka4 1/2-1/2

[Event "Liberec Open 2016"]
[Site "Liberec CZE"]
[Date "2016.02.17"]
[Round "6.15"]
[White "Paldus, Petr"]
[Black "Nemcova, Karin"]
[Result "1-0"]
[WhiteElo "1999"]
[BlackElo "1853"]
[PlyCount "75"]
[EventDate "2016.02.13"]
[EventType "swiss"]
[EventRounds "9"]
[EventCountry "CZE"]
[Source "lmi"]
[SourceDate "2016.02.13"]

1. e4 c5 2. b3 Nc6 3. Bb2 e5 4. g3 Nf6 5. Bg2 Be7 6. Ne2 d6 7. O-O O-O 8. c3 d5
9. exd5 Nxd5 10. d4 cxd4 11. cxd4 exd4 12. Nxd4 Nxd4 13. Bxd4 Be6 14. Nc3 Nxc3
15. Bxc3 Qc7 16. Rc1 Rac8 17. Bb2 Qb6 18. Rxc8 Rxc8 19. Qa1 f6 20. Bd4 Bc5 21.
Bxc5 Rxc5 22. Qd4 Ra5 23. Qxb6 axb6 24. Re1 Kf7 25. Re2 Bd5 26. Rc2 Bxg2 27.
Kxg2 Rc5 28. Re2 Rc6 29. Re4 Re6 30. Kf3 Rxe4 31. Kxe4 Ke6 32. Kd4 Kd6 33. Kc4
Kc6 34. a4 h6 35. g4 g6 36. h4 h5 37. gxh5 gxh5 38. f3 1-0

[Event "Liberec Open 2016"]
[Site "Liberec CZE"]
[Date "2016.02.17"]
[Round "6.20"]
[White "Ochman, Tomas"]
[Black "Blahacek, Evzen"]
[Result "1/2-1/2"]
[WhiteElo "1839"]
[BlackElo "1949"]
[PlyCount "88"]
[EventDate "2016.02.13"]
[EventType "swiss"]
[EventRounds "9"]
[EventCountry "CZE"]
[Source "lmi"]
[SourceDate "2016.02.13"]

1. e4 e5 2. Nf3 Nc6 3. Bb5 g6 4. c3 Bg7 5. O-O Nge7 6. d4 a6 7. Bc4 d6 8. dxe5
dxe5 9. Qb3 O-O 10. Rd1 Qe8 11. Qa3 Bg4 12. Bg5 h6 13. Be3 b6 14. Nbd2 Qc8 15.
b4 Re8 16. Qb3 Nd8 17. a4 Be6 18. Nf1 Bxc4 19. Qxc4 Nb7 20. N3d2 Nd6 21. Qb3
Qb7 22. f3 Red8 23. Nc4 Qc6 24. Nxd6 Rxd6 25. Rxd6 Qxd6 26. Rd1 Qc6 27. b5 axb5
28. axb5 Qe8 29. c4 Rd8 30. Ng3 Nc8 31. Ne2 Rxd1+ 32. Qxd1 Bf8 33. Qd5 Kh7 34.
Nc3 Bd6 35. Qd2 Bb4 36. Qd3 Bxc3 37. Qxc3 Nd6 38. Qd3 Qe6 39. c5 bxc5 40. Bxc5
Qc4 41. Qxc4 Nxc4 42. Kf2 Kg7 43. Ke2 Kf6 44. Kd3 Nb6 1/2-1/2

[Event "Liberec Open 2016"]
[Site "Liberec CZE"]
[Date "2016.02.17"]
[Round "6.23"]
[White "Pribylova, Sofie"]
[Black "Hrbek, Stepan"]
[Result "1/2-1/2"]
[WhiteElo "1872"]
[BlackElo "1656"]
[PlyCount "61"]
[EventDate "2016.02.13"]
[EventType "swiss"]
[EventRounds "9"]
[EventCountry "CZE"]
[Source "lmi"]
[SourceDate "2016.02.13"]

1. d4 d5 2. Bf4 Nf6 3. e3 Bf5 4. c4 e6 5. Nc3 c6 6. Qb3 b6 7. Nf3 Bd6 8. Bg3
O-O 9. Be2 Ne4 10. O-O Bg4 11. Rfd1 Kh8 12. Qc2 f5 13. cxd5 exd5 14. Ne5 Bxe2
15. Nxe2 g5 16. Rac1 Nxg3 17. hxg3 Bxe5 18. dxe5 Qe7 19. f4 gxf4 20. exf4 Qd7
21. Qd3 Qc8 22. Qc3 Kg8 23. Rxd5 Qa6 24. Rd2 Qxa2 25. b3 Qa3 26. Nd4 Rd8 27.
Nxf5 Rxd2 28. Qxd2 Qf8 29. g4 c5 30. Qd5+ Qf7 31. Nh6+ 1/2-1/2

[Event "Liberec Open 2016"]
[Site "Liberec CZE"]
[Date "2016.02.17"]
[Round "6.27"]
[White "Pawicka, Magdalena"]
[Black "Biza, Miroslav"]
[Result "1/2-1/2"]
[WhiteElo "1455"]
[BlackElo "1695"]
[PlyCount "69"]
[EventDate "2016.02.13"]
[EventType "swiss"]
[EventRounds "9"]
[EventCountry "CZE"]
[Source "lmi"]
[SourceDate "2016.02.13"]

1. e4 Nf6 2. e5 Nd5 3. d4 d6 4. c4 Nb6 5. Nf3 Nc6 6. Bf4 dxe5 7. Bxe5 Nxe5 8.
Nxe5 e6 9. Be2 Bb4+ 10. Nc3 O-O 11. O-O c5 12. dxc5 Bxc3 13. bxc3 Nd7 14. Nxd7
Bxd7 15. Rb1 Qc7 16. Qd6 Rac8 17. Bf3 Bc6 18. Bxc6 bxc6 19. Qxc7 Rxc7 20. Rfd1
e5 21. Rd6 g6 22. Rbd1 Kg7 23. Rd8 f5 24. Rxf8 Kxf8 25. Kf1 Kg7 26. Ke2 Kh6 27.
Kf3 Kg5 28. Kg3 e4 29. h4+ Kf6 30. Kf4 Re7 31. Rd6+ Re6 32. Rd7 Re5 33. Rd6+
Re6 34. Rd7 Re5 35. Rd6+ 1/2-1/2

[Event "Liberec Open 2016"]
[Site "Liberec CZE"]
[Date "2016.02.17"]
[Round "6.30"]
[White "Kolmas, Oldrich"]
[Black "Sedlak, Jaroslav"]
[Result "1-0"]
[WhiteElo "1889"]
[BlackElo "1615"]
[PlyCount "67"]
[EventDate "2016.02.13"]
[EventType "swiss"]
[EventRounds "9"]
[EventCountry "CZE"]
[Source "lmi"]
[SourceDate "2016.02.13"]

1. e4 d6 2. d4 g6 3. Nf3 Bg4 4. Be2 Bg7 5. c3 Nf6 6. Qc2 O-O 7. O-O Nbd7 8. Be3
a6 9. Na3 Rb8 10. Rad1 Qc8 11. h3 Bxf3 12. Bxf3 c5 13. Rfe1 Re8 14. Qd2 b5 15.
Nc2 c4 16. Bf4 Nb6 17. d5 Na4 18. Nb4 Nc5 19. Bg3 Rb6 20. e5 dxe5 21. Bxe5 Nfe4
22. Qf4 Bxe5 23. Qxe5 Nf6 24. Qd4 Rd6 25. Nc6 Na4 26. Nxe7+ Rxe7 27. Rxe7 Nxb2
28. Rde1 Nd3 29. R1e2 Nc1 30. Rd2 Qf5 31. Qa7 Qb1 32. Kh2 Nxa2 33. Rxa2 Qxa2
34. Qb8+ 1-0

[Event "Liberec Open 2016"]
[Site "Liberec CZE"]
[Date "2016.02.18"]
[Round "7.1"]
[White "Plischki, Sebastian"]
[Black "Balinski, Damian"]
[Result "1-0"]
[WhiteElo "2381"]
[BlackElo "2181"]
[PlyCount "125"]
[EventDate "2016.02.13"]
[EventType "swiss"]
[EventRounds "9"]
[EventCountry "CZE"]
[Source "lmi"]
[SourceDate "2016.02.13"]

1. d4 Nf6 2. c4 e6 3. Nc3 Bb4 4. Qc2 Nc6 5. Nf3 d6 6. Bd2 O-O 7. a3 Bxc3 8.
Bxc3 Re8 9. Rd1 Qe7 10. e3 e5 11. dxe5 dxe5 12. h3 a5 13. Be2 a4 14. O-O Qc5
15. Ng5 h6 16. Ne4 Nxe4 17. Rd5 Qe7 18. Qxe4 Be6 19. Rb5 f5 20. Qf3 e4 21. Qg3
b6 22. c5 Na7 23. cxb6 Nxb5 24. Bxb5 Reb8 25. Bc6 cxb6 26. Bxa8 Rxa8 27. Rd1
Ra7 28. Rd6 Kh7 29. Rxb6 Rb7 30. Ra6 Qf7 31. Qxg7+ Qxg7 32. Bxg7 Kxg7 33. Rxe6
Rxb2 34. Ra6 Ra2 35. Rxa4 Kg6 36. g4 h5 37. gxf5+ Kxf5 38. Ra5+ Kf6 39. h4 Ke6
40. Kg2 Kf6 41. Kg3 Ke6 42. a4 Kf6 43. Ra8 Ra1 44. a5 Rg1+ 45. Kh2 Ra1 46. a6
Kf5 47. Kg2 Kg4 48. Re8 Kxh4 49. Rxe4+ Kg5 50. Re6 Kg4 51. Rg6+ Kf5 52. Rg8
Rxa6 53. f4 Ke4 54. Re8+ Kf5 55. Kf3 Ra4 56. Re5+ Kg6 57. Re6+ Kg7 58. f5 Ra1
59. Kf4 Rg1 60. e4 h4 61. Re7+ Kh6 62. Ke5 Rg7 63. Rxg7 1-0

[Event "Liberec Open 2016"]
[Site "Liberec CZE"]
[Date "2016.02.18"]
[Round "7.2"]
[White "Mikalsen, Erlend"]
[Black "Bartos, Jan"]
[Result "1-0"]
[WhiteElo "2319"]
[BlackElo "2181"]
[PlyCount "125"]
[EventDate "2016.02.13"]
[EventType "swiss"]
[EventRounds "9"]
[EventCountry "CZE"]
[Source "lmi"]
[SourceDate "2016.02.13"]

1. e4 e6 2. d4 d5 3. Nc3 dxe4 4. Nxe4 Nd7 5. Nf3 Ngf6 6. Nxf6+ Nxf6 7. Bg5 h6
8. Bh4 c5 9. Be2 cxd4 10. Qxd4 Qxd4 11. Nxd4 Bd7 12. O-O-O a6 13. Bf3 O-O-O 14.
Bg3 Bc5 15. Be5 Ne8 16. Rd3 Bd6 17. Re1 Bxe5 18. Rxe5 Nd6 19. Nb3 Bb5 20. Rc3+
Kb8 21. Nc5 b6 22. a4 bxc5 23. axb5 axb5 24. Rexc5 Rc8 25. b4 Rxc5 26. bxc5 Nc8
27. Kb2 Na7 28. Kb3 Kc7 29. Kb4 Nc6+ 30. Bxc6 Kxc6 31. Ra3 Rd8 32. Ra6+ Kb7 33.
Kxb5 Rd1 34. c6+ Kb8 35. Rb6+ Kc8 36. Rb7 Rd2 37. Rxf7 Rxc2 38. Kb6 Rb2+ 39.
Kc5 Rd2 40. Rxg7 Rxf2 41. Kd6 Rd2+ 42. Kxe6 Rc2 43. Kd6 Rd2+ 44. Ke5 Rc2 45.
Rg6 h5 46. Kf4 Kc7 47. Kg3 Rc4 48. Rh6 Rc5 49. Kh4 Rc2 50. Rg6 Rc5 51. Rg5 Rc4+
52. Kxh5 Kxc6 53. g4 Kd6 54. h4 Ke6 55. Rf5 Rc8 56. Kg5 Rg8+ 57. Kf4 Ra8 58. h5
Rg8 59. h6 Rh8 60. g5 Ra8 61. Rf6+ Ke7 62. Kf5 Ra1 63. h7 1-0

[Event "Liberec Open 2016"]
[Site "Liberec CZE"]
[Date "2016.02.18"]
[Round "7.3"]
[White "Chudinovskikh, Alexander M"]
[Black "Fogel, Pierre"]
[Result "0-1"]
[WhiteElo "2257"]
[BlackElo "2086"]
[PlyCount "108"]
[EventDate "2016.02.13"]
[EventType "swiss"]
[EventRounds "9"]
[EventCountry "CZE"]
[Source "lmi"]
[SourceDate "2016.02.13"]

1. d4 d5 2. Nf3 Nf6 3. c4 e6 4. Nc3 Be7 5. Bf4 O-O 6. e3 Nbd7 7. Bd3 c5 8. O-O
dxc4 9. Bxc4 Nb6 10. Bb3 Nbd5 11. Nxd5 Nxd5 12. Be5 b6 13. Qe2 cxd4 14. Nxd4
Bb7 15. e4 Nf4 16. Bxf4 Qxd4 17. Rfe1 Bf6 18. Rad1 Qxb2 19. Rd2 Qc3 20. e5 Qc6
21. Qg4 h5 22. Qh3 Be7 23. Rc2 Bc5 24. Rc3 Rfd8 25. Rg3 Rd4 26. Qh4 Be7 27.
Qxe7 Rxf4 28. Qg5 Rg4 29. Rxg4 hxg4 30. Qxg4 Rd8 31. h4 Rd2 32. h5 b5 33. Re3
Qc1+ 34. Kh2 Rxf2 35. Rg3 Qh6 36. Bd1 Rf4 37. Qe2 Rh4+ 38. Kg1 Qc1 39. Rd3 Qc5+
40. Qe3 Qxe3+ 41. Rxe3 Re4 42. Kf2 Rxe3 43. Kxe3 Bxg2 44. Kd4 Bf1 45. Kc5 Bc4
46. a3 a6 47. a4 Bd5 48. Bc2 f6 49. exf6 gxf6 50. Kb6 b4 51. Kxa6 b3 52. Bb1 f5
53. Bd3 f4 54. Kb6 Bc4 0-1

[Event "Liberec Open 2016"]
[Site "Liberec CZE"]
[Date "2016.02.18"]
[Round "7.4"]
[White "Parizek, Vojtech"]
[Black "Kaderabek, Jiri"]
[Result "0-1"]
[WhiteElo "1852"]
[BlackElo "2190"]
[PlyCount "50"]
[EventDate "2016.02.13"]
[EventType "swiss"]
[EventRounds "9"]
[EventCountry "CZE"]
[Source "lmi"]
[SourceDate "2016.02.13"]

1. e4 c5 2. Nf3 Nf6 3. e5 Nd5 4. c4 Nc7 5. d4 cxd4 6. Nxd4 Nc6 7. Nf3 g6 8. Nc3
Bg7 9. Bf4 Ne6 10. Bg3 Qa5 11. Qd5 Nc5 12. Be2 d6 13. O-O Be6 14. Qd1 dxe5 15.
a3 Rd8 16. Nd5 Bxd5 17. b4 Bxf3 18. bxa5 Rxd1 19. Bxd1 Be4 20. Re1 Bd3 21. Rc1
e4 22. Be2 Nd4 23. Bf1 O-O 24. Bf4 Bxf1 25. Kxf1 Nd3 0-1

[Event "Liberec Open 2016"]
[Site "Liberec CZE"]
[Date "2016.02.18"]
[Round "7.5"]
[White "Bradac, Daniel"]
[Black "Moravec, Vit"]
[Result "0-1"]
[WhiteElo "2030"]
[BlackElo "2180"]
[PlyCount "84"]
[EventDate "2016.02.13"]
[EventType "swiss"]
[EventRounds "9"]
[EventCountry "CZE"]
[Source "lmi"]
[SourceDate "2016.02.13"]

1. e4 c5 2. Nf3 Nc6 3. d4 cxd4 4. Nxd4 g6 5. Be3 Bg7 6. Nc3 Nf6 7. Qd2 O-O 8.
f3 d5 9. exd5 Nxd5 10. Nxd5 Qxd5 11. c3 Nxd4 12. Bxd4 Bxd4 13. Qxd4 Qxd4 14.
cxd4 Rd8 15. Rd1 Be6 16. b3 Rac8 17. Be2 Rc2 18. Rd2 Rxd2 19. Kxd2 Rxd4+ 20.
Ke3 Rd8 21. Bd3 Rc8 22. Kd4 Rd8+ 23. Ke3 Rc8 24. Kd4 Kg7 25. Re1 Kf6 26. Bc4
Bxc4 27. bxc4 e5+ 28. Kd3 Rc5 29. Rb1 b6 30. Rb3 Ra5 31. a3 Kg5 32. g3 f5 33.
Ke2 h5 34. h3 h4 35. g4 Kf4 36. Kf2 Rc5 37. Rb4 e4 38. gxf5 e3+ 39. Kg2 gxf5
40. a4 a5 41. Rxb6 Rxc4 42. Rh6 Rc2+ 0-1

[Event "Liberec Open 2016"]
[Site "Liberec CZE"]
[Date "2016.02.18"]
[Round "7.6"]
[White "Krivanek, Vladimir"]
[Black "Bilczewski, Kacper"]
[Result "0-1"]
[WhiteElo "2137"]
[BlackElo "2015"]
[PlyCount "104"]
[EventDate "2016.02.13"]
[EventType "swiss"]
[EventRounds "9"]
[EventCountry "CZE"]
[Source "lmi"]
[SourceDate "2016.02.13"]

1. d4 d5 2. Nc3 Nf6 3. Bg5 e6 4. e4 Bb4 5. exd5 Qxd5 6. Nf3 Nc6 7. Bxf6 gxf6 8.
Qd2 Qa5 9. Rd1 Bd7 10. g3 O-O-O 11. Bg2 e5 12. a3 exd4 13. axb4 dxc3 14. bxa5
cxd2+ 15. Rxd2 Rhe8+ 16. Kd1 Nxa5 17. b3 Nc6 18. Re1 Rxe1+ 19. Kxe1 Be6 20. Nh4
Rxd2 21. Kxd2 Ne7 22. f4 b6 23. Be4 h6 24. c4 f5 25. Bc2 c5 26. Nf3 Kc7 27. Ke3
Kd6 28. Kd3 a6 29. Kc3 b5 30. Bb1 Nc6 31. Bd3 b4+ 32. Kd2 Nd4 33. Nxd4 cxd4 34.
Be2 a5 35. Kc2 Bd7 36. Kd3 Kc5 37. Bd1 Bc6 38. Kd2 Be4 39. Bh5 a4 40. bxa4 b3
41. Kc1 Kxc4 42. Kb2 Bd5 43. h3 Kb4 44. g4 fxg4 45. hxg4 f6 46. Be8 Be6 47. f5
Bd5 48. Bd7 Bf3 49. a5 d3 50. Be6 d2 51. Bxb3 Kxa5 52. Bd1 Bxd1 0-1

[Event "Liberec Open 2016"]
[Site "Liberec CZE"]
[Date "2016.02.18"]
[Round "7.9"]
[White "Brauer, Christian"]
[Black "Paldus, Petr"]
[Result "1/2-1/2"]
[WhiteElo "2096"]
[BlackElo "1999"]
[PlyCount "58"]
[EventDate "2016.02.13"]
[EventType "swiss"]
[EventRounds "9"]
[EventCountry "CZE"]
[Source "lmi"]
[SourceDate "2016.02.13"]

1. c4 e5 2. g3 f5 3. Bg2 Nf6 4. Nc3 Nc6 5. d3 Be7 6. e3 O-O 7. Nge2 d6 8. O-O
Be6 9. Nd5 Qd7 10. Nec3 Nd8 11. b3 Nxd5 12. Nxd5 Bg5 13. f4 Bh6 14. Ba3 c6 15.
Nc3 g6 16. Qd2 Bg7 17. Rad1 Re8 18. d4 exd4 19. exd4 Bf7 20. d5 c5 21. Bb2 b6
22. Nb1 Bxb2 23. Qxb2 Nb7 24. Rfe1 Rxe1+ 25. Rxe1 Re8 26. Qd2 Rxe1+ 27. Qxe1
Qe8 28. Kf2 Qxe1+ 29. Kxe1 Be8 1/2-1/2

[Event "Liberec Open 2016"]
[Site "Liberec CZE"]
[Date "2016.02.18"]
[Round "7.10"]
[White "Siggelkow, Axel"]
[Black "Mikalsen, Harald"]
[Result "1-0"]
[WhiteElo "2051"]
[BlackElo "1975"]
[PlyCount "45"]
[EventDate "2016.02.13"]
[EventType "swiss"]
[EventRounds "9"]
[EventCountry "CZE"]
[Source "lmi"]
[SourceDate "2016.02.13"]

1. d4 Nf6 2. Nf3 g6 3. g3 Bg7 4. Bg2 O-O 5. O-O d5 6. c4 dxc4 7. Na3 c5 8. Nxc4
Na6 9. dxc5 Nxc5 10. Be3 Nce4 11. Nd4 Qd5 12. Nd2 e5 13. N4b3 Bf5 14. Nc5 Bh3
15. Ndxe4 Bxg2 16. Qxd5 Nxd5 17. Kxg2 Nxe3+ 18. fxe3 f5 19. Ng5 Bh6 20. Nce6
Rfe8 21. h4 Re7 22. Rad1 Rae8 23. Rd6 1-0